000 00323nam a22001337a 4500
008 181107b xxu||||| |||| 00| 0 eng d
020 _a9780721606194
041 _aeng
080 _24 TH
_a610
100 _a3
101 _aSHM
245 _aDifferental Diagnosis Physical Therapists
_c Goddman.S
942 _2udc
_cBK
999 _c52136
_d52136